[Event "21st Mikhail Chigorin Memorial"]
[Site "Sochi URS"]
[Date "1987.??.??"]
[Round "?"]
[White "Andonov, Bogomil"]
[Black "Lalic, Bogdan"]
[WhiteElo "2475"]
[BlackElo "2485"]
[Result "1/2-1/2"]
[EventDate "1987.10.01"]
[PlyCount "21"]

1. Nf3 Nf6 2. c4 g6 3. g3 Bg7 4. Bg2 O-O 5. O-O d5 6. cxd5 Nxd5 7. Nc3 Nc6 8. d4 Nb6 9. e3 e5 10. d5 Na5 11. e4 1/2-1/2

[Event "21st Mikhail Chigorin Memorial"]
[Site "Sochi URS"]
[Date "1987.??.??"]
[Round "?"]
[White "Andonov, Bogomil"]
[Black "Ortega, Lexy"]
[WhiteElo "2475"]
[BlackElo "2440"]
[Result "1-0"]
[EventDate "1987.10.01"]
[PlyCount "61"]

1. Nf3 Nf6 2. c4 e6 3. g3 d5 4. Bg2 c5 5. cxd5 Nxd5 6. O-O Nc6 7. d4 Nb6 8. dxc5 Qxd1 9. Rxd1 Bxc5 10. Nc3 O-O 11. Bf4 f6 12. Ne4 Be7 13. Bd6 Kf7 14. Nd4 Bd7 15. Bxe7 Kxe7 16. Nc5 Rac8 17. Nb5 Nb4 18. Nxd7 Nxd7 19. a3 Nc6 20. Nd6 Rc7 21. Nxb7 Rb8 22. Bxc6 Rxc6 23. Na5 Rc2 24. b4 Ne5 25. Kf1 Rd8 26. Ke1 h5 27. Rxd8 Kxd8 28. Kd1 Rb2 29. f4 Ng4 30. Nc4 Nf2+ 31. Ke1 1-0

[Event "21st Mikhail Chigorin Memorial"]
[Site "Sochi URS"]
[Date "1987.??.??"]
[Round "?"]
[White "Andonov, Bogomil"]
[Black "Razuvaev, Yuri"]
[WhiteElo "2475"]
[BlackElo "2490"]
[Result "1/2-1/2"]
[EventDate "1987.10.01"]
[PlyCount "71"]

1. Nf3 Nf6 2. c4 e6 3. g3 d5 4. Bg2 d4 5. O-O Nc6 6. d3 a5 7. e4 Nd7 8. Ne1 e5 9. f4 Be7 10. Nd2 O-O 11. f5 Bg5 12. h4 Be3+ 13. Kh2 Nf6 14. Bf3 g5 15. hxg5 Bxg5 16. Rh1 Kg7 17. Nf1 h6 18. Be2 Rh8 19. Kg2 Nh7 20. Nf3 f6 21. Nxg5 fxg5 22. g4 Qe7 23. Ng3 Bd7 24. Rh3 Nd8 25. Qh1 Nf7 26. Bd2 Nf6 27. Qh2 a4 28. Rh1 c5 29. Qg1 b5 30. cxb5 Bxb5 31. Qc1 Rac8 32. Qc2 Qd6 33. Bc1 Qa6 34. b3 axb3 35. axb3 Qb6 36. Bd2 1/2-1/2

[Event "21st Mikhail Chigorin Memorial"]
[Site "Sochi URS"]
[Date "1987.??.??"]
[Round "?"]
[White "Andonov, Bogomil"]
[Black "Smagin, Sergey"]
[WhiteElo "2475"]
[BlackElo "2555"]
[Result "0-1"]
[EventDate "1987.10.01"]
[PlyCount "80"]

1. Nf3 Nf6 2. c4 e6 3. e3 b6 4. b3 Bb7 5. Bb2 Be7 6. Be2 O-O 7. O-O d5 8. cxd5 exd5 9. d3 c5 10. Nbd2 Nc6 11. Re1 Re8 12. Bf1 Nd7 13. Rc1 Nf8 14. d4 Ne6 15. dxc5 bxc5 16. Bb5 Qa5 17. Ba4 Red8 18. a3 Rac8 19. Qc2 Bf8 20. Red1 Qa6 21. Nf1 d4 22. Rd2 Ne7 23. Ne1 Nd5 24. Qd3 Qb6 25. Qe2 dxe3 26. fxe3 Ng5 27. Qg4 Qh6 28. Rcd1 Nf6 29. Qf4 Qg6 30. Ng3 Rxd2 31. Rxd2 Qb1 32. Qf1 Nd5 33. Qe2 Ne4 34. Nxe4 Qxe4 35. Nc2 Nb6 36. Bb5 Qe6 37. Na1 c4 38. bxc4 a6 39. c5 Bxc5 40. Bxa6 Bxa6 0-1

[Event "21st Mikhail Chigorin Memorial"]
[Site "Sochi URS"]
[Date "1987.??.??"]
[Round "?"]
[White "Andonov, Bogomil"]
[Black "Sveshnikov, Evgeny"]
[WhiteElo "2475"]
[BlackElo "2490"]
[Result "1-0"]
[EventDate "1987.10.01"]
[PlyCount "98"]

1. e4 c5 2. Nc3 e6 3. Nge2 Nc6 4. h3 Nf6 5. g3 b5 6. Bg2 b4 7. Na4 Ba6 8. d3 Rc8 9. b3 Be7 10. O-O Bb5 11. Nb2 O-O 12. Nc4 d5 13. exd5 exd5 14. Ne3 Bd6 15. Bb2 d4 16. Nc4 Ne7 17. Bc1 Nfd5 18. a3 Nc3 19. Qd2 a5 20. a4 Bxc4 21. dxc4 Re8 22. Bb2 Nc6 23. Rae1 Ne4 24. Qd1 f5 25. Nc1 Qf6 26. Nd3 Re7 27. g4 g6 28. f3 Ng3 29. Rxe7 Nxe7 30. Re1 g5 31. f4 gxf4 32. Bc1 Kh8 33. Nxf4 Qf7 34. Qd3 fxg4 35. Qxg3 Nf5 36. Qd3 gxh3 37. Nxh3 Rg8 38. Bg5 Qg6 39. Rf1 Ne3 40. Rf2 Be5 41. Qxg6 Rxg6 42. Be4 Re6 43. Bd3 h6 44. Bf4 Bf6 45. Bg3 Ng4 46. Re2 Rc6 47. Nf4 Ne3 48. Nd5 Bg5 49. Bf4 Bxf4 1-0

[Event "21st Mikhail Chigorin Memorial"]
[Site "Sochi URS"]
[Date "1987.??.??"]
[Round "?"]
[White "Andonov, Bogomil"]
[Black "Tukmakov, Vladimir"]
[WhiteElo "2475"]
[BlackElo "2580"]
[Result "1/2-1/2"]
[EventDate "1987.10.01"]
[PlyCount "125"]

1. Nf3 Nf6 2. c4 c6 3. d4 d5 4. cxd5 cxd5 5. Nc3 Nc6 6. Bf4 Bf5 7. e3 e6 8. Bd3 Bxd3 9. Qxd3 Be7 10. O-O O-O 11. h3 Rc8 12. Rfc1 Nd7 13. Nd2 Nb6 14. a3 Na5 15. b3 a6 16. Qb1 Qd7 17. Qb2 f6 18. Rc2 Rc6 19. Rac1 Rfc8 20. Qa2 Qe8 21. Bg3 Qg6 22. e4 dxe4 23. Ndxe4 Nd5 24. b4 Nc4 25. Nc5 b5 26. Nxd5 exd5 27. Qb3 Bxc5 28. dxc5 Re6 29. Rd1 Rd8 30. Kh2 Kf7 31. Rc3 h5 32. Rcd3 Qf5 33. Qa2 g5 34. Bd6 Rexd6 35. cxd6 Rxd6 36. Qe2 g4 37. hxg4 hxg4 38. Rd4 Nxa3 39. Kg1 Nc4 40. Qxg4 Qxg4 41. Rxg4 Ne5 42. Rgd4 Ke6 43. Re1 Kd7 44. Ra1 Nc6 45. Rh4 d4 46. Rxa6 d3 47. Ra1 Ne5 48. Rd1 Nc4 49. Rh3 d2 50. Rb3 Ke6 51. Kf1 f5 52. Ke2 Ke5 53. Rc3 Rd4 54. Rc2 Re4+ 55. Kf1 Kd4 56. Rcxd2+ Nxd2+ 57. Rxd2+ Kc4 58. f3 Re5 59. f4 Re8 60. Kf2 Kxb4 61. Rd5 Rf8 62. Kf3 Kc4 63. Rd7 1/2-1/2

[Event "21st Mikhail Chigorin Memorial"]
[Site "Sochi URS"]
[Date "1987.??.??"]
[Round "?"]
[White "Bareev, Evgeny"]
[Black "Razuvaev, Yuri"]
[WhiteElo "2555"]
[BlackElo "2490"]
[Result "1-0"]
[EventDate "1987.10.01"]
[PlyCount "83"]

1. d4 Nf6 2. c4 e6 3. Nf3 Bb4+ 4. Bd2 c5 5. g3 Qb6 6. Qb3 Nc6 7. dxc5 Bxc5 8. Qxb6 axb6 9. Nc3 d5 10. cxd5 exd5 11. Bg2 O-O 12. O-O d4 13. Nb5 Ne4 14. a3 Nxd2 15. Nxd2 Bf5 16. Rfe1 Rfd8 17. Rac1 Bd7 18. Nb3 d3 19. exd3 Bf8 20. d4 Na5 21. Nxa5 Rxa5 22. Nc7 Ba4 23. Bxb7 Rxd4 24. Bc6 Bb3 25. Re3 Bc4 26. b4 Ra7 27. Nb5 Bxb5 28. Bxb5 g6 29. Rc6 Rd6 30. Rc8 Kg7 31. Kg2 Be7 32. Rec3 Rd5 33. Bf1 Bf6 34. R3c7 Rd7 35. Rxd7 Rxd7 36. Bc4 Be5 37. f4 Bb2 38. a4 Ra7 39. Bb3 Ba3 40. b5 Bd6 41. Kf3 Kf6 42. Rc6 1-0

[Event "21st Mikhail Chigorin Memorial"]
[Site "Sochi URS"]
[Date "1987.??.??"]
[Round "?"]
[White "Bareev, Evgeny"]
[Black "Tukmakov, Vladimir"]
[WhiteElo "2555"]
[BlackElo "2580"]
[Result "1/2-1/2"]
[EventDate "1987.10.01"]
[PlyCount "59"]

1. d4 Nf6 2. c4 c6 3. Nc3 d5 4. Nf3 dxc4 5. a4 Bf5 6. e3 e6 7. Bxc4 Bb4 8. O-O Nbd7 9. Nh4 O-O 10. f3 Bg6 11. e4 e5 12. Nxg6 hxg6 13. Be3 Qa5 14. Qb3 exd4 15. Bxd4 Bc5 16. Rfd1 Ne5 17. Ne2 Rad8 18. Kf1 Bxd4 19. Nxd4 Nxe4 20. fxe4 Qc5 21. Bxf7+ Rxf7+ 22. Nf3 Rdf8 23. Rac1 Qb6 24. Qxb6 axb6 25. Rc3 Nxf3 26. gxf3 Rxf3+ 27. Kg1 R3f4 28. Rd7 Rxe4 29. Rxb7 Rxa4 30. Rxb6 1/2-1/2

[Event "21st Mikhail Chigorin Memorial"]
[Site "Sochi URS"]
[Date "1987.??.??"]
[Round "?"]
[White "Hodgson, Julian"]
[Black "Andonov, Bogomil"]
[WhiteElo "2510"]
[BlackElo "2475"]
[Result "1-0"]
[EventDate "1987.10.01"]
[PlyCount "51"]

1. d4 d5 2. Nf3 c6 3. Bg5 h6 4. Bh4 Qb6 5. Qc1 Bf5 6. c4 Nd7 7. Nc3 dxc4 8. e4 Bg4 9. Qe3 Bxf3 10. Qxf3 Qxd4 11. Rd1 Qc5 12. Rxd7 Kxd7 13. Qxf7 b5 14. Be2 Rd8 15. O-O Kc7 16. Bg3+ Kb7 17. e5 h5 18. Bf3 Nh6 19. Qg6 Ng4 20. Ne4 Qd4 21. Qg5 Qxb2 22. e6 Nf6 23. Nc5+ Kb6 24. Qe3 Qxa2 25. Nd3+ Kb7 26. Bxc6+ 1-0

[Event "21st Mikhail Chigorin Memorial"]
[Site "Sochi URS"]
[Date "1987.??.??"]
[Round "?"]
[White "Hodgson, Julian"]
[Black "Razuvaev, Yuri"]
[WhiteElo "2510"]
[BlackElo "2490"]
[Result "1/2-1/2"]
[EventDate "1987.10.01"]
[PlyCount "45"]

1. d4 Nf6 2. Nf3 e6 3. Bg5 c5 4. c3 d5 5. e3 Nbd7 6. Nbd2 Be7 7. Bd3 b6 8. O-O Bb7 9. a4 a6 10. Qb1 h6 11. Bh4 O-O 12. Re1 Qc7 13. e4 dxe4 14. Nxe4 Rfe8 15. dxc5 bxc5 16. Nxf6+ Bxf6 17. Bg3 Qc8 18. Nd2 Be7 19. Nc4 Bd5 20. Qc2 Qb7 21. f3 a5 22. Rad1 Red8 23. Re2 1/2-1/2

[Event "21st Mikhail Chigorin Memorial"]
[Site "Sochi URS"]
[Date "1987.??.??"]
[Round "?"]
[White "Hodgson, Julian"]
[Black "Smagin, Sergey"]
[WhiteElo "2510"]
[BlackElo "2555"]
[Result "1-0"]
[EventDate "1987.10.01"]
[PlyCount "151"]

1. e4 e5 2. Nf3 Nc6 3. Bb5 g6 4. c3 a6 5. Ba4 d6 6. d4 Bd7 7. Bg5 f6 8. Be3 Nh6 9. O-O Bg7 10. dxe5 fxe5 11. Bb3 Ng4 12. Bg5 Nf6 13. Nbd2 h6 14. Bxf6 Qxf6 15. Nc4 Bg4 16. Ncd2 h5 17. Ba4 Bd7 18. Re1 O-O 19. Qb3+ Kh8 20. Qxb7 Rfb8 21. Qxc7 Ra7 22. Qxa7 Nxa7 23. Bxd7 Rxb2 24. Reb1 Rxb1+ 25. Rxb1 Qd8 26. Rb7 Qa8 27. Rb6 Nb5 28. Rc6 Qb7 29. Rc8+ Bf8 30. Rxf8+ Kg7 31. Rd8 Qc7 32. Bxb5 Qxd8 33. Bxa6 g5 34. Nf1 Qa8 35. Bd3 g4 36. Nh4 Qxa2 37. Nf5+ Kf6 38. Nxd6 Qa1 39. Bc4 Qxc3 40. Bd5 Qc1 41. Nf5 Qc3 42. N5e3 Qe1 43. Bg8 Kg5 44. Bh7 Kf4 45. Nd5+ Kg5 46. g3 Qd1 47. Bf5 Qa1 48. Nde3 Qb1 49. Kg2 Qb4 50. h3 gxh3+ 51. Kxh3 Qb1 52. Kg2 h4 53. Nd2 Qa1 54. Nf3+ Kh5 55. Nxh4 Qa5 56. Bg4+ Kh6 57. Nf3 Qb5 58. Be6 Kh5 59. Bf7+ Kh6 60. Ng4+ Kg7 61. Ngxe5 Qb1 62. Bd5 Qd1 63. Ng4 Kg6 64. Ne3 Qa1 65. e5 Qa4 66. Be6 Qa8 67. Bf5+ Kf7 68. Bd7 Ke7 69. e6 Qe4 70. g4 Kd8 71. Kg3 Qb1 72. Bc6 Ke7 73. Nd4 Kf6 74. Nef5 Qb8+ 75. Kg2 Qf4 76. Bf3 1-0

[Event "21st Mikhail Chigorin Memorial"]
[Site "Sochi URS"]
[Date "1987.??.??"]
[Round "?"]
[White "Hodgson, Julian"]
[Black "Sveshnikov, Evgeny"]
[WhiteElo "2510"]
[BlackElo "2490"]
[Result "1/2-1/2"]
[EventDate "1987.10.01"]
[PlyCount "60"]

1. d4 d5 2. Bg5 c6 3. Nf3 Qb6 4. Nbd2 h6 5. Bf4 Bf5 6. Qc1 e6 7. c4 c5 8. Nb3 Nd7 9. cxd5 exd5 10. Qe3+ Be6 11. dxc5 Nxc5 12. Rc1 Nxb3 13. Qxb3 Qxb3 14. axb3 Nf6 15. e3 Bb4+ 16. Kd1 Rc8 17. Rxc8+ Bxc8 18. Bd3 Bg4 19. Ke2 Ke7 20. Rc1 Bd6 21. Bxd6+ Kxd6 22. b4 Re8 23. h3 Bxf3+ 24. Kxf3 Nd7 25. Ke2 Ne5 26. Bb5 Rb8 27. Kd2 Nc6 28. Ra1 a6 29. Bxc6 Kxc6 30. Ra5 Re8 1/2-1/2

[Event "21st Mikhail Chigorin Memorial"]
[Site "Sochi URS"]
[Date "1987.??.??"]
[Round "?"]
[White "Hodgson, Julian"]
[Black "Tukmakov, Vladimir"]
[WhiteElo "2510"]
[BlackElo "2580"]
[Result "0-1"]
[EventDate "1987.10.01"]
[PlyCount "60"]

1. e4 c5 2. Nf3 d6 3. d4 cxd4 4. Nxd4 Nf6 5. Nc3 Nc6 6. Bg5 e6 7. Qd2 a6 8. O-O-O h6 9. Bf4 Bd7 10. Nxc6 Bxc6 11. Qe1 Be7 12. e5 Nh5 13. Be3 Qc7 14. Be2 g6 15. Bxh5 gxh5 16. Bd4 Rg8 17. Qe3 O-O-O 18. Bb6 Bg5 19. f4 Bxf4 20. Qxf4 Qxb6 21. Rxd6 Rxg2 22. Rf1 Rxd6 23. exd6 Rg1 24. Nd1 Rxf1 25. Qxf1 f5 26. Qf4 Qg1 27. Qxh6 Kd7 28. Qxh5 Kxd6 29. Qh4 Ke5 30. b3 Bf3 0-1

[Event "21st Mikhail Chigorin Memorial"]
[Site "Sochi URS"]
[Date "1987.??.??"]
[Round "?"]
[White "Horvath, Jozsef"]
[Black "Andonov, Bogomil"]
[WhiteElo "2465"]
[BlackElo "2475"]
[Result "1-0"]
[EventDate "1987.10.01"]
[PlyCount "81"]

1. d4 Nf6 2. Nf3 c6 3. c4 d6 4. g3 Bf5 5. Nc3 h6 6. Bg2 e6 7. d5 cxd5 8. cxd5 e5 9. e4 Bh7 10. Be3 Be7 11. Nd2 O-O 12. O-O Nbd7 13. Qe2 Qb8 14. Rfc1 Bd8 15. f3 a6 16. a4 Bc7 17. Bh3 Qd8 18. Nc4 Ne8 19. Qc2 Nb6 20. Nd2 Nc8 21. Nc4 Nb6 22. Na5 Rb8 23. b4 Nc8 24. Rab1 Ne7 25. g4 Bb6 26. Bxb6 Qxb6+ 27. Qf2 Qxf2+ 28. Kxf2 Nf6 29. b5 Nexd5 30. exd5 Bxb1 31. Rxb1 axb5 32. Rxb5 Rfc8 33. g5 Rxc3 34. gxf6 e4 35. Bg4 e3+ 36. Ke2 Ra8 37. Nxb7 Rxa4 38. Rb2 Ra1 39. Nxd6 gxf6 40. Ne4 Rca3 41. Rc2 1-0

[Event "21st Mikhail Chigorin Memorial"]
[Site "Sochi URS"]
[Date "1987.??.??"]
[Round "?"]
[White "Horvath, Jozsef"]
[Black "Bareev, Evgeny"]
[WhiteElo "2465"]
[BlackElo "2555"]
[Result "1/2-1/2"]
[EventDate "1987.10.01"]
[PlyCount "29"]

1. e4 e6 2. d4 d5 3. Nc3 Bb4 4. e5 Ne7 5. a3 Bxc3+ 6. bxc3 c5 7. Qg4 O-O 8. Nf3 f5 9. exf6 Rxf6 10. Bg5 Qa5 11. Bxf6 Qxc3+ 12. Kd1 Qxa1+ 13. Kd2 Ng6 14. Bd3 Qxh1 15. Bxg6 1/2-1/2

[Event "21st Mikhail Chigorin Memorial"]
[Site "Sochi URS"]
[Date "1987.??.??"]
[Round "?"]
[White "Horvath, Jozsef"]
[Black "Hodgson, Julian"]
[WhiteElo "2465"]
[BlackElo "2510"]
[Result "1-0"]
[EventDate "1987.10.01"]
[PlyCount "63"]

1. e4 c6 2. d4 d5 3. Nd2 dxe4 4. Nxe4 Nf6 5. Nxf6+ exf6 6. c3 Bd6 7. Bd3 O-O 8. Ne2 Re8 9. Qc2 Kh8 10. O-O Qc7 11. Ng3 g6 12. c4 f5 13. Bg5 Be6 14. Qd2 Nd7 15. d5 cxd5 16. cxd5 Bxd5 17. Bxf5 Bc6 18. Rad1 Bxg3 19. Bxd7 Bxh2+ 20. Kh1 Be5 21. Bxe8 Rxe8 22. Rfe1 Qc8 23. Kg1 Qg4 24. f4 Bc7 25. Rxe8+ Bxe8 26. Bd8 Bxf4 27. Bf6+ Kg8 28. Re1 Bd7 29. Qa5 Bh2+ 30. Kh1 b6 31. Qd5 Bb8 32. Re7 1-0

[Event "21st Mikhail Chigorin Memorial"]
[Site "Sochi URS"]
[Date "1987.??.??"]
[Round "?"]
[White "Horvath, Jozsef"]
[Black "Kharitonov, Andrei"]
[WhiteElo "2465"]
[BlackElo "2450"]
[Result "1/2-1/2"]
[EventDate "1987.10.01"]
[PlyCount "26"]

1. e4 e5 2. Nf3 Nf6 3. Nxe5 d6 4. Nf3 Nxe4 5. Qe2 Qe7 6. d3 Nf6 7. Bg5 Qxe2+ 8. Bxe2 Be7 9. Nc3 c6 10. O-O-O Na6 11. Rhe1 Nc7 12. Nd4 Ne6 13. Nxe6 Bxe6 1/2-1/2

[Event "21st Mikhail Chigorin Memorial"]
[Site "Sochi URS"]
[Date "1987.??.??"]
[Round "?"]
[White "Horvath, Jozsef"]
[Black "Panchenko, Alexander"]
[WhiteElo "2465"]
[BlackElo "2450"]
[Result "1/2-1/2"]
[EventDate "1987.10.01"]
[PlyCount "81"]

1. e4 c5 2. Nf3 e6 3. d4 cxd4 4. Nxd4 Nf6 5. Nc3 d6 6. g4 e5 7. Bb5+ Bd7 8. Bxd7+ Qxd7 9. Nf5 h5 10. f3 hxg4 11. fxg4 Nc6 12. Bg5 Nh7 13. Bh4 g6 14. Ne3 Be7 15. Bxe7 Nxe7 16. Qd2 O-O-O 17. O-O-O Kb8 18. Kb1 f5 19. gxf5 gxf5 20. exf5 Nxf5 21. Nxf5 Qxf5 22. Nb5 d5 23. Qa5 a6 24. Qc7+ Ka8 25. Nd6 Qd7 26. Qxd7 Rxd7 27. Nc4 Re7 28. Rxd5 e4 29. a4 Nf6 30. Rf5 Ng4 31. Rf4 Nxh2 32. a5 Kb8 33. Ne3 Rh5 34. Rf8+ Kc7 35. c4 Rg7 36. Nd5+ Kd6 37. Rf2 Ng4 38. c5+ Ke6 39. Rxh5 Nxf2 40. Ne3 Re7 41. b4 1/2-1/2

[Event "21st Mikhail Chigorin Memorial"]
[Site "Sochi URS"]
[Date "1987.??.??"]
[Round "?"]
[White "Horvath, Jozsef"]
[Black "Pigusov, Evgeny"]
[WhiteElo "2465"]
[BlackElo "2520"]
[Result "1/2-1/2"]
[EventDate "1987.10.01"]
[PlyCount "30"]

1. e4 c5 2. Nf3 d6 3. d4 cxd4 4. Nxd4 Nf6 5. Nc3 a6 6. Be3 e5 7. Nf3 Qc7 8. a4 Be7 9. a5 O-O 10. Be2 Nc6 11. Bb6 Qd7 12. Nd2 d5 13. exd5 Nxd5 14. Nxd5 Qxd5 15. O-O Be6 1/2-1/2

[Event "21st Mikhail Chigorin Memorial"]
[Site "Sochi URS"]
[Date "1987.??.??"]
[Round "?"]
[White "Kharitonov, Andrei"]
[Black "Andonov, Bogomil"]
[WhiteElo "2450"]
[BlackElo "2475"]
[Result "1-0"]
[EventDate "1987.10.01"]
[PlyCount "107"]

1. Nf3 d6 2. d4 Bg4 3. c4 c6 4. Nc3 Nf6 5. e4 e6 6. Be2 Be7 7. O-O O-O 8. Be3 d5 9. e5 Nfd7 10. Nd2 Bxe2 11. Qxe2 Na6 12. cxd5 cxd5 13. f4 f5 14. exf6 Nxf6 15. Bf2 Nc7 16. a3 Nfe8 17. g3 Nd6 18. Nf3 Nc4 19. Ne5 Nxe5 20. dxe5 b6 21. Qd3 g6 22. Ne2 Qb8 23. Rac1 Qb7 24. Nd4 Bc5 25. Nf3 Be7 26. Qc2 Rac8 27. Qc6 Qxc6 28. Rxc6 Nb5 29. Rxc8 Rxc8 30. a4 Nc7 31. Rc1 Kf7 32. a5 bxa5 33. Bxa7 Ke8 34. Bb6 Kd7 35. Bxa5 Na6 36. Rxc8 Kxc8 37. Kf1 Nb8 38. Ke2 Nc6 39. Bd2 Kb7 40. Kd3 Kb6 41. b3 Kc5 42. g4 Kb5 43. h3 Bd8 44. Be1 Kc5 45. Bc3 Be7 46. b4+ Kb5 47. Nd4+ Nxd4 48. Kxd4 Bd8 49. f5 gxf5 50. gxf5 Bb6+ 51. Kd3 exf5 52. e6 Bd8 53. Be5 Kc6 54. b5+ 1-0

[Event "21st Mikhail Chigorin Memorial"]
[Site "Sochi URS"]
[Date "1987.??.??"]
[Round "?"]
[White "Kharitonov, Andrei"]
[Black "Hodgson, Julian"]
[WhiteElo "2450"]
[BlackElo "2510"]
[Result "1-0"]
[EventDate "1987.10.01"]
[PlyCount "77"]

1. d4 Nf6 2. Nf3 c5 3. d5 g6 4. Nc3 Bg7 5. e4 O-O 6. Be2 d6 7. O-O Na6 8. Nd2 Nc7 9. a4 b6 10. Nc4 Ba6 11. Bf4 Nh5 12. Be3 f5 13. exf5 gxf5 14. Bg5 h6 15. Bc1 Nf6 16. Re1 Qd7 17. Bf4 Kh7 18. Qd3 Rg8 19. Rad1 Raf8 20. Qh3 Ng4 21. f3 Bxc4 22. Bxc4 Ne5 23. Bd3 a6 24. Kh1 b5 25. axb5 axb5 26. Bxe5 Bxe5 27. g4 c4 28. Bxf5+ Rxf5 29. gxf5 Rf8 30. f4 Bxf4 31. Rd4 Be5 32. Rh4 Bg7 33. Qg4 Qe8 34. Ne4 Nxd5 35. Ng5+ Kh8 36. Ne6 Rf7 37. Nxg7 Rxg7 38. Rxh6+ Kg8 39. Qh4 1-0

[Event "21st Mikhail Chigorin Memorial"]
[Site "Sochi URS"]
[Date "1987.??.??"]
[Round "?"]
[White "Kharitonov, Andrei"]
[Black "Pigusov, Evgeny"]
[WhiteElo "2450"]
[BlackElo "2520"]
[Result "1/2-1/2"]
[EventDate "1987.10.01"]
[PlyCount "54"]

1. d4 Nf6 2. Nf3 e6 3. c4 d5 4. Nc3 Be7 5. Bg5 h6 6. Bh4 O-O 7. Rc1 b6 8. cxd5 Nxd5 9. Nxd5 exd5 10. Bxe7 Qxe7 11. g3 Re8 12. Bg2 c5 13. O-O Bb7 14. e3 Nd7 15. Qa4 Nf6 16. Nd2 a5 17. dxc5 bxc5 18. Nb3 c4 19. Nd4 Qb4 20. Qc2 a4 21. a3 Qb6 22. Rfd1 Bc8 23. Ne2 Bg4 24. Re1 Bxe2 25. Rxe2 Ra5 26. Rd1 Qb3 27. Rd4 Qxc2 1/2-1/2

[Event "21st Mikhail Chigorin Memorial"]
[Site "Sochi URS"]
[Date "1987.??.??"]
[Round "?"]
[White "Kharitonov, Andrei"]
[Black "Razuvaev, Yuri"]
[WhiteElo "2450"]
[BlackElo "2490"]
[Result "1/2-1/2"]
[EventDate "1987.10.01"]
[PlyCount "52"]

1. d4 Nf6 2. c4 e6 3. Nf3 b6 4. a3 Ba6 5. e3 d5 6. Nbd2 Be7 7. b4 dxc4 8. Bxc4 Bxc4 9. Nxc4 Qd5 10. Qc2 O-O 11. O-O Nbd7 12. Rd1 Qe4 13. Qxe4 Nxe4 14. Bb2 f6 15. Rac1 Rfc8 16. Ne1 c6 17. Nd3 Kf7 18. Nd2 Nxd2 19. Rxd2 Rc7 20. Rdc2 Rac8 21. Kf1 c5 22. dxc5 bxc5 23. bxc5 Nxc5 24. Bd4 Na6 25. Rxc7 Rxc7 26. Rxc7 Nxc7 1/2-1/2

[Event "21st Mikhail Chigorin Memorial"]
[Site "Sochi URS"]
[Date "1987.??.??"]
[Round "?"]
[White "Kharitonov, Andrei"]
[Black "Smagin, Sergey"]
[WhiteElo "2450"]
[BlackElo "2555"]
[Result "1/2-1/2"]
[EventDate "1987.10.01"]
[PlyCount "36"]

1. d4 Nf6 2. Nf3 d5 3. c4 e6 4. Nc3 Be7 5. Bg5 h6 6. Bxf6 Bxf6 7. e3 O-O 8. Rc1 c6 9. Bd3 Nd7 10. O-O dxc4 11. Bxc4 e5 12. Ne4 exd4 13. Nxf6+ Nxf6 14. Qxd4 Qe7 15. Rfd1 Be6 16. Qe5 Rfe8 17. Bxe6 Qxe6 18. Qxe6 Rxe6 1/2-1/2

[Event "21st Mikhail Chigorin Memorial"]
[Site "Sochi URS"]
[Date "1987.??.??"]
[Round "?"]
[White "Lalic, Bogdan"]
[Black "Hodgson, Julian"]
[WhiteElo "2485"]
[BlackElo "2510"]
[Result "1-0"]
[EventDate "1987.10.01"]
[PlyCount "112"]

1. d4 Nf6 2. c4 e6 3. Nc3 c5 4. d5 exd5 5. cxd5 Bd6 6. Nf3 Bc7 7. d6 Ba5 8. Bg5 Qb6 9. Bxf6 Qxb2 10. Bxg7 Bxc3+ 11. Bxc3 Qxc3+ 12. Nd2 b6 13. Rc1 Qg7 14. h4 Bb7 15. Rh3 Nc6 16. Re3+ Kf8 17. g3 Re8 18. Rxe8+ Kxe8 19. Bg2 h5 20. Nc4 Rh6 21. Qa4 f5 22. Bxc6 Bxc6 23. Qxa7 f4 24. gxf4 Qg1+ 25. Kd2 Qxf2 26. Qb8+ Kf7 27. Ne5+ Kg7 28. Nd3 Qg3 29. Qxb6 Rxd6 30. Qb2+ Kf7 31. Qe5 Rd5 32. Qe3 Qxe3+ 33. Kxe3 d6 34. Nb4 cxb4 35. Rxc6 Ke6 36. Rb6 Ra5 37. Rxb4 Rxa2 38. Kf3 Ra1 39. Rb5 d5 40. Rb6+ Kf5 41. Rd6 Rf1+ 42. Ke3 Rd1 43. Kf3 Rf1+ 44. Kg3 Rg1+ 45. Kf2 Rh1 46. e3 Kg4 47. Rg6+ Kxh4 48. f5 Rh2+ 49. Kf3 Rh1 50. Kg2 Ra1 51. f6 Ra8 52. f7 Rf8 53. Rg7 d4 54. exd4 Rg8 55. Kf3 Rf8 56. Kf4 Kh3 1-0

[Event "21st Mikhail Chigorin Memorial"]
[Site "Sochi URS"]
[Date "1987.??.??"]
[Round "?"]
[White "Lalic, Bogdan"]
[Black "Ortega, Lexy"]
[WhiteElo "2485"]
[BlackElo "2440"]
[Result "1-0"]
[EventDate "1987.10.01"]
[PlyCount "79"]

1. d4 Nf6 2. c4 e6 3. Nc3 Bb4 4. e3 O-O 5. Bd3 d5 6. Nf3 c5 7. O-O Nc6 8. a3 Bxc3 9. bxc3 dxc4 10. Bxc4 Qe7 11. h3 e5 12. Ba2 e4 13. Nd2 cxd4 14. cxd4 Be6 15. Bxe6 Qxe6 16. Qb3 Nd5 17. Bb2 Rac8 18. Rac1 Rc7 19. Rc5 Rd7 20. Rfc1 Re8 21. Nc4 f6 22. Qa4 g5 23. Qd1 Rg7 24. Nd2 Nce7 25. Nf1 f5 26. a4 Rf8 27. Ba3 f4 28. Qg4 Rf5 29. Rb5 h5 30. Qd1 f3 31. Rxb7 g4 32. g3 h4 33. Qb3 gxh3 34. Kh2 Rfg5 35. Rxe7 Rxe7 36. Bxe7 Qxe7 37. Rc5 Qd6 38. Qb7 Rg7 39. Qxd5+ Qxd5 40. Rxd5 1-0

[Event "21st Mikhail Chigorin Memorial"]
[Site "Sochi URS"]
[Date "1987.??.??"]
[Round "?"]
[White "Lalic, Bogdan"]
[Black "Panchenko, Alexander"]
[WhiteElo "2485"]
[BlackElo "2450"]
[Result "1/2-1/2"]
[EventDate "1987.10.01"]
[PlyCount "120"]

1. d4 Nf6 2. c4 e6 3. Nc3 d5 4. Bg5 c6 5. e3 Nbd7 6. a3 Be7 7. Nf3 Ne4 8. Bxe7 Qxe7 9. Rc1 Nxc3 10. Rxc3 O-O 11. Qc2 h6 12. Bd3 dxc4 13. Rxc4 e5 14. O-O Re8 15. Nxe5 Nxe5 16. dxe5 b6 17. Rxc6 Qxe5 18. Rc1 Be6 19. Qc3 Qg5 20. f4 Qg4 21. Be4 Rad8 22. Bf3 Qf5 23. Qc2 g6 24. h3 Qxc2 25. R6xc2 Bd5 26. Bxd5 Rxd5 27. Rc8 Rxc8 28. Rxc8+ Kg7 29. Rc2 Rd3 30. Kf2 Rb3 31. Kf3 a5 32. Ke4 b5 33. g4 a4 34. h4 b4 35. axb4 Rxb4+ 36. Kf3 Rb3 37. h5 gxh5 38. gxh5 a3 39. bxa3 Rxa3 40. Rc6 Ra5 41. Kg4 Rb5 42. Rc7 Rb4 43. Re7 Rb1 44. Kf3 Rg1 45. e4 Rh1 46. Re5 Rh3+ 47. Kg4 Rh1 48. Rf5 Rg1+ 49. Kf3 Rf1+ 50. Ke2 Rh1 51. Rd5 Rh3 52. Kf2 Rh4 53. Kg3 Rh1 54. e5 Rxh5 55. e6 Rxd5 56. e7 Rd3+ 57. Kf2 Rd4 58. e8=Q Rxf4+ 59. Kg3 Rf5 60. Kg4 Rg5+ 1/2-1/2

[Event "21st Mikhail Chigorin Memorial"]
[Site "Sochi URS"]
[Date "1987.??.??"]
[Round "?"]
[White "Lalic, Bogdan"]
[Black "Pigusov, Evgeny"]
[WhiteElo "2485"]
[BlackElo "2520"]
[Result "1/2-1/2"]
[EventDate "1987.10.01"]
[PlyCount "46"]

1. d4 Nf6 2. c4 e6 3. Nc3 d5 4. Nf3 Be7 5. Bg5 h6 6. Bxf6 Bxf6 7. Rc1 O-O 8. e3 c6 9. Bd3 Nd7 10. O-O dxc4 11. Bxc4 e5 12. h3 exd4 13. exd4 Nb6 14. Bb3 Bf5 15. Re1 Re8 16. Rxe8+ Qxe8 17. Qd2 Qd7 18. Re1 a5 19. a3 Re8 20. Re3 Rxe3 21. Qxe3 Qe7 22. Qf4 Be6 23. Bxe6 Qxe6 1/2-1/2

[Event "21st Mikhail Chigorin Memorial"]
[Site "Sochi URS"]
[Date "1987.??.??"]
[Round "?"]
[White "Lputian, Smbat"]
[Black "Horvath, Jozsef"]
[WhiteElo "2540"]
[BlackElo "2465"]
[Result "1/2-1/2"]
[EventDate "1987.10.01"]
[PlyCount "96"]

1. d4 d5 2. c4 c6 3. Nf3 Nf6 4. Nc3 dxc4 5. a4 Bf5 6. e3 e6 7. Bxc4 Bb4 8. O-O Nbd7 9. Nh4 O-O 10. f3 Bg6 11. Qb3 Qb6 12. Rd1 e5 13. Kh1 Rad8 14. Nxg6 hxg6 15. Qc2 Qa5 16. Na2 exd4 17. Nxb4 Qxb4 18. Bd2 Qe7 19. exd4 Nb6 20. a5 Nxc4 21. Qxc4 Qd7 22. a6 Qxd4 23. Qxd4 Rxd4 24. axb7 Rb8 25. Rxa7 Rd7 26. b4 Rdxb7 27. Rxb7 Rxb7 28. Rc1 Nd5 29. Rc4 Kf8 30. Rxc6 Nxb4 31. Rc8+ Ke7 32. Rg8 Nd5 33. h4 Ke6 34. Rxg7 Ne7 35. Rh7 Rb2 36. Bg5 f6 37. Bf4 Nd5 38. Bh6 Rb4 39. Bf8 Rb8 40. Bc5 Rc8 41. Bg1 Rc1 42. Kh2 Rc2 43. Ra7 Nf4 44. Ra6+ Ke5 45. Ra5+ Ke6 46. Ra6+ Ke5 47. Kh1 Nxg2 48. Bh2+ Kf5 1/2-1/2